Match the Band to the Musician - Statistics

General Stats
  • This quiz has been taken 28 times
  • The average score is 22 of 25
Answer Stats
Hint Answer % Correct
ABBA Agnetha Fältskog
100%
AC/DC Angus Young
100%
Led Zeppelin Jimmy Page
100%
The Rolling Stones Keith Richards
100%
The Police Sting
100%
Destiny's Child Beyonce
96%
Nirvana Dave Grohl
96%
The Supremes Diana Ross
96%
The Beatles George Harrison
96%
Oasis Noel Gallagher
96%
Maroon 5 Adam Levine
92%
Red Hot Chili Peppers Flea
92%
NSYNC Justin Timberlake
92%
Dire Straits Mark Knopfler
92%
Spice Girls Victoria Beckham
92%
One Direction Harry Styles
88%
The Grateful Dead Jerry Garcia
88%
BTS Jung Kook
88%
Metallica Kirk Hammett
84%
The Cure Robert Smith
84%
Outkast André 3000
76%
N.W.A. Ice Cube
68%
Matchbox 20 Rob Thomas
64%
Counting Crows Adam Duritz
60%
Gnarls Barkley CeeLo Green
60%
No matching quizzes found
Score Distribution
Percent of People with Each Score
Percentile by Number Answered
Your Score History
You have not taken this quiz